|
|
|
|
| LEADER |
02565nam a2200697 i 4500 |
| 001 |
nkc20193081561 |
| 003 |
CZ PrNK |
| 005 |
20190905100900.0 |
| 007 |
ta |
| 008 |
190308s2019 xr af e 001 0acze |
| 015 |
|
|
|a cnb003081561
|
| 020 |
|
|
|a 978-80-270-5639-2
|q (vázáno)
|
| 035 |
|
|
|a (OCoLC)1119029375
|
| 040 |
|
|
|a OLA001
|b cze
|d ABA001
|e rda
|
| 043 |
|
|
|a e-xr---
|
| 045 |
|
|
|a x4y1
|
| 072 |
|
7 |
|a 549
|x Mineralogie
|2 Konspekt
|9 7
|
| 072 |
|
7 |
|a 929
|x Biografie
|2 Konspekt
|9 8
|
| 080 |
|
|
|a 549-051
|2 MRF
|
| 080 |
|
|
|a 069.424-051
|2 MRF
|
| 080 |
|
|
|a 549
|2 MRF
|
| 080 |
|
|
|a 553
|2 MRF
|
| 080 |
|
|
|a 929
|2 MRF
|
| 080 |
|
|
|a (437.3)
|2 MRF
|
| 080 |
|
|
|a (0:82-94)
|2 MRF
|
| 080 |
|
|
|a (084.12)
|2 MRF
|
| 100 |
1 |
|
|a Werner, Miloslav,
|d 1941-
|7 ola20191044715
|4 aut
|4 pht
|4 pbl
|
| 245 |
1 |
0 |
|a Vzpomínky kamenáře, aneb, Jak plynul čas /
|c Miloslav Werner
|
| 246 |
3 |
0 |
|a Jak plynul čas
|
| 264 |
|
1 |
|a Náměšť nad Oslavou :
|b Ing. Miloslav Werner,
|c 2019
|
| 300 |
|
|
|a 87 stran, 142 nečíslovaných stran obrazových příloh :
|b ilustrace (převážně barevné) ;
|c 22 cm +
|e 1 CD-ROM
|
| 336 |
|
|
|a text
|b txt
|2 rdacontent
|
| 336 |
|
|
|a statický obraz
|b sti
|2 rdacontent
|
| 337 |
|
|
|a bez média
|b n
|2 rdamedia
|
| 337 |
|
|
|a počítač
|b c
|2 rdamedia
|
| 338 |
|
|
|a svazek
|b nc
|2 rdacarrier
|
| 338 |
|
|
|a počítačový disk
|b cd
|2 rdacarrier
|
| 500 |
|
|
|a Název CD-ROM: Kopání na České Mezi v roce 2006
|
| 504 |
|
|
|a Obsahuje bibliografii a rejstřík
|
| 600 |
1 |
7 |
|a Werner, Miloslav,
|d 1941-
|7 ola20191044715
|2 czenas
|
| 648 |
|
7 |
|a 20.-21. století
|7 ch462155
|2 czenas
|
| 648 |
|
4 |
|a 1941-2018
|
| 650 |
0 |
7 |
|a mineralogové
|7 ph122887
|z Česko
|y 20.-21. století
|2 czenas
|
| 650 |
0 |
7 |
|a sběratelé
|7 ph125434
|z Česko
|y 20.-21. století
|2 czenas
|
| 650 |
0 |
7 |
|a minerály
|7 ph115322
|2 czenas
|
| 650 |
0 |
7 |
|a minerální ložiska
|7 ph122888
|2 czenas
|
| 650 |
0 |
9 |
|a mineralogists
|z Czechia
|y 20th-21st centuries
|2 eczenas
|
| 650 |
0 |
9 |
|a collectors
|z Czechia
|y 20th-21st centuries
|2 eczenas
|
| 650 |
0 |
9 |
|a minerals
|2 eczenas
|
| 650 |
0 |
9 |
|a mineral deposits
|2 eczenas
|
| 655 |
|
7 |
|a autobiografické vzpomínky
|7 fd131854
|2 czenas
|
| 655 |
|
7 |
|a fotografické publikace
|7 fd132276
|2 czenas
|
| 655 |
|
9 |
|a autobiographical reminiscences
|2 eczenas
|
| 655 |
|
9 |
|a photographical works
|2 eczenas
|
| 740 |
0 |
2 |
|a Kopání na České Mezi v roce 2006
|
| 910 |
2 |
|
|a BOA001
|b 2-1430.732
|
| 928 |
9 |
|
|a Miloslav Werner
|
| 990 |
|
|
|a BK
|
| 995 |
|
|
|a 01
|
| 991 |
|
|
|b 201909
|c NOV
|
| 996 |
6 |
|
|b 2610789905
|c 2-1430.732
|l MZK
|r Sklad / do 1 hodiny
|n 0
|p p.v.
|w 001744005
|u 000010
|a 1
|e BOA001
|j MZK50
|s P
|